| 000 | 01824cam a2200397 a 4500 | ||
|---|---|---|---|
| 001 | 1974 | ||
| 003 | FISKH | ||
| 005 | 20231024083136.0 | ||
| 008 | 070321s2007 nyua j 000 0deng | ||
| 010 | _a 2007925321 | ||
| 020 | _a9781423106357 | ||
| 020 | _a1423106350 | ||
| 040 |
_aDLC _cDLC _dDLC _beng |
||
| 042 | _apcc | ||
| 043 | _an-us--- | ||
| 050 | 0 | 0 |
_aE185.97.K5 _bR36 2007 |
| 082 | 0 | 0 |
_a323/.092 _aB _223 |
| 100 | 1 | _aRappaport, Doreen. | |
| 245 | 1 | 0 |
_aMartin's big words : _bthe life of Dr. Martin Luther King, Jr. / _cDoreen Rappaport ; illustrated by Bryan Collier. |
| 260 |
_aNew York : _bJump at the Sun, _c2001. |
||
| 300 |
_a40 unnumbered pages : _billustrations ; _c28 cm |
||
| 505 | _aO | ||
| 520 | _aUsing quotes from some of his beloved speeches, Dr. Martin Luther King, Jr. comes to life in stunning collage art and vibrant watercolor paintings in this profound and important biography about beliefs and dreams and following ones heart. Martin Luther King, Jr. in his own words, will inspire and affect you, too. | ||
| 521 | 8 |
_a610
_bLexile AD |
|
| 521 | 8 |
_aO
_bRaz-Plus |
|
| 600 | 1 | 0 |
_aKing, Martin Luther, _cJr., _d1929-1968 _vJuvenile literature. |
| 600 | 1 | 0 |
_aKing, Martin Luther, _cJr., _d1929-1968 _vQuotations _vJuvenile literature. |
| 650 | 0 |
_aAfrican Americans _vBiography _vJuvenile literature. |
|
| 650 | 0 |
_aCivil rights workers _zUnited States _vBiography _vJuvenile literature. |
|
| 650 | 0 |
_aBaptists _zUnited States _xClergy _vBiography _vJuvenile literature. |
|
| 650 | 0 |
_aAfrican Americans _xCivil rights _xHistory _y20th century _vJuvenile literature. |
|
| 700 | 1 |
_aCollier, Bryan, _eillustrator |
|
| 906 |
_a7 _bcbc _corignew _d2 _eepcn _f20 _gy-gencatlg |
||
| 942 |
_2ddc _cBK _n0 |
||
| 999 |
_c1974 _d1974 |
||